| 000 | 00461nam a2200181Ia 4500 | ||
|---|---|---|---|
| 001 | 11679 | ||
| 005 | 20260306162845.0 | ||
| 008 | 260306t1979||||xx |||||||||||||| ||spa|| | ||
| 041 | _aESP | ||
| 082 |
_a987 _bL91 |
||
| 100 |
_aInstituto Nacional de Cultura y Bellas Artes _eAUT |
||
| 245 | 0 | _aLos borradores del discurso de Angostura | |
| 260 | _c1979 | ||
| 300 |
_av.s. páginas : _c32 cm. |
||
| 650 | _aGEN | ||
| 654 | _aCHU | ||
| 942 |
_cLIB _dJUS _fJUS _2ddc _n |
||
| 999 |
_c11679 _d11679 |
||